Circuitos y dispositivos microelectrónicos (Registro nro. 692)
[ vista simple ]
| 000 -CABECERA | |
|---|---|
| campo de control de longitud fija | 00592aam a2200229 4500 |
| 005 - FECHA Y HORA DE ACTUALIZACIÓN | |
| campo de control | 20160912101444.0 |
| 008 - LONGITUD FIJA | |
| campo de control de longitud fija | 150831b xxu||||| |||| 00| 0 spa d |
| 041 ## - IDIOMA | |
| Código de idioma del texto/pista de sonido o título separado | |
| 082 ## - CLASIFICACIÓN DECIMAL DEWEY | |
| Número de clasificación | 621.381 |
| Número de documento/Ítem | H812m |
| 100 ## - AUTOR PERSONAL | |
| Nombre de persona | Horenstein, Mark |
| 245 ## - TÍTULO PROPIAMENTE DICHO | |
| Título | Circuitos y dispositivos microelectrónicos |
| 260 ## - PIE DE IMPRENTA | |
| Lugar de publicación, distribución, etc. | México |
| 260 ## - PIE DE IMPRENTA | |
| Nombre del editor, distribuidor, etc. | PHH |
| 260 ## - PIE DE IMPRENTA | |
| Fecha de publicación, distribución, etc. | 1997 |
| 300 ## - DESCRIPCIÓN FÍSICA | |
| Extensión | 1126 páginas |
| 650 ## - Materia General | |
| Materia general | ELECTRONICA |
| 650 ## - Materia General | |
| Materia general | MICROELECTRONICA |
| 650 ## - Materia General | |
| Materia general | CIRCUITOS LINEALES |
| 650 ## - Materia General | |
| Materia general | CIRCUITOS DIGITALES |
| 650 ## - Materia General | |
| Materia general | AMPLIFICADORES |
| 942 ## - Punto de Acceso Adicional Koha | |
| Tipo de ítem Koha | Libro |
| Estado perdido | Estado dañado | No para préstamo | Biblioteca permanente | Biblioteca actual | Signatura completa | Código de barras | Precio efectivo a partir del | Tipo de ítem |
|---|---|---|---|---|---|---|---|---|
| Departamento de Biblioteca y Documentación Alfonso Chase Brenes | Departamento de Biblioteca y Documentación Alfonso Chase Brenes | 621.381 H812m | 3546 | 12/09/2016 | Libro |